MARC

LEADER 00000nam a2200000Ia 4500
001 11805
008 160829s1951 xx 000 0 cat d
080 |a FU-3-33 
110 2 |a Caixa de Pensions per a la Vellesa i d'Estalvis de Catalunya i Balears  |9 54857 
245 |a Estatutos de la Caja de Pensiones de los funcionarios de la Excma. Diputación Provincial de Barcelona 
260 |a Barcelona :  |b (Imp. Casa de Caritat),  |c 1951 
300 |a 36 p. ;  |c 16 cm 
590 |a Hi ha un duplicat DUP-186-58 que prové de 2896, exp. 7 
610 1 0 |a Barcelona (Catalunya : Província).  |b Diputació  |x Funcionaris i empleats  |9 54684 
650 |a Caixa de Pensions  |x Estatuts   |9 38909 
856 4 |u https://media.diba.cat/diba/fitxers/arxiu/fulletons/bib_11805_baixa.pdf  |y Accés lliure 
856 4 |u https://media.diba.cat/diba/fitxers/arxiu/fulletons/bib_11805_baixa.pdf  |y Accés lliure 
901 |a Arxiu 
942 |n 1  |2 udc 
952 |0 0  |1 0  |4 0  |6 FU333  |7 1  |9 54547  |a Arxiu  |b Arxiu  |d 2016-12-01  |l 0  |o FU-3-33  |p 11805  |r 2016-12-01 00:00:00  |w 2016-12-01  |y ARXIU 
999 |c 58416  |d 58416 
900 |a bib_11805_baixa.pdf